000 00840cam a2200229 4500
001 ##D14565
008 090401t1964 xxu||||| |||| 00| 0 eng d
035 _a(Sirsi) u16510
041 0 _aeng
050 0 4 _a526.09 $2 18
100 1 _aBagrow, Leo
245 0 0 _aHistory of cartography
250 _aRev. ed.
260 _aLondon
_bC A Watts
_c1964
300 _a312p.
_bill
_c27cm.
350 _a6.3
520 _aDescribes how early maps were produced in both Europe and the rest of the world and traces their development, makers and printers, varieties and characteristics. It focuses specifically on the externals of maps in relation to the history of its evolution.
690 _aENVIRONMENTAL AND LAND CONSULTANCY-GEOMATICS-MAPPING AND POSITIONING-CARTOGRAPHY
700 1 _aSkelton, R. A.
942 _n0
948 _c04/03/1997
999 _c87428
_d87428